Music Quiz

Random Music or Song Quiz

Top 100 Artists by Song Quiz Stats

 Plays Quiz Updated Oct 4, 2018

Score 0/91 Timer 11:00
16 Plays Today
Song Artist % Correct
Hey JudeThe Beatles
95.9%
Hound DogElvis Presley
90.8%
(I Can't Get No) SatisfactionThe Rolling Stones
90.7%
Billie JeanMichael Jackson
90.7%
ImagineJohn Lennon
90.5%
Smells Like Teen SpiritNirvana
90.2%
Bohemian RhapsodyQueen
88.2%
RespectAretha Franklin
87.2%
Hotel CaliforniaThe Eagles
86.1%
I Walk The LineJohnny Cash
84%
Good VibrationsThe Beach Boys
82.2%
Stairway To HeavenLed Zeppelin
80.2%
Every Breath You TakeThe Police
77.9%
Like A Rolling StoneBob Dylan
77.6%
Born To RunBruce Springsteen
77.4%
Sweet Child O' MineGuns N' Roses
77.3%
Purple HazeThe Jimi Hendrix Experience
77.2%
No Woman, No CryBob Marley And The Wailers
75.2%
Losing My ReligionR.E.M.
74%
My GenerationThe Who
73.1%
Walk This WayRun-DMC Featuring Aerosmith
73%
Back In BlackAC/DC
72.8%
Like A PrayerMadonna
72.6%
Light My FireThe Doors
72.1%
SuperstitionStevie Wonder
68.7%
Bridge Over Troubled WaterSimon And Garfunkel
68.3%
Brown Eyed GirlVan Morrison
68.2%
When Doves CryPrince
67.6%
London CallingThe Clash
67.1%
Enter SandmanMetallica
66.2%
Dream OnAerosmith
65.5%
Song Artist % Correct
Your SongElton John
64.8%
Johnny B. GoodeChuck Berry
63.6%
Free Fallin'Tom Petty
63.4%
(Sittin' On) The Dock Of The BayOtis Redding
63.1%
What's Going OnMarvin Gaye
62.3%
Tears In HeavenEric Clapton
61.4%
Anarchy In The UKThe Sex Pistols
60.2%
OneU2
58.7%
99 ProblemsJay-Z
58.5%
Comfortably NumbPink Floyd
57.7%
What's Love Got To Do With ItTina Turner
56.5%
StanEminem Feat. Dido
55.8%
My GirlThe Temptations
54.3%
Tutti-FruttiLittle Richard
52.8%
Blitzkrieg BopThe Ramones
52.7%
Free BirdLynyrd Skynyrd
51.8%
Fortunate SonCreedence Clearwater Revival
51.4%
Me And Bobby McGeeJanis Joplin
51.3%
Sunshine Of Your LoveCream
50.3%
SabotageBeastie Boys
45.4%
HeroesDavid Bowie
44.6%
Papa's Got A Brand New BagJames Brown
44.5%
ParanoidBlack Sabbath
41.6%
That'll Be The DayBuddy Holly And The Crickets
41%
Fire And RainJames Taylor
40.8%
Rockin' In The Free WorldNeil Young
39.2%
Paranoid AndroidRadiohead
38.5%
Baby LoveThe Supremes
38%
California Love2Pac Feat. Dr. Dre
37.1%
Nuthin' But A 'G' ThangDr. Dre
36.8%
Let's Stay TogetherAl Green
36.8%
Song Artist % Correct
Bo DiddleyBo Diddley
36%
The WeightThe Band
35.2%
Blueberry HillFats Domino
35%
The Tracks Of My TearsSmokey Robinson And The Miracles
35%
What'd I SayRay Charles
31.4%
Mr. Tambourine ManThe Byrds
31.3%
Whole Lotta Shakin' Going OnJerry Lee Lewis
30.8%
Family AffairSly And The Family Stone
29.9%
CryingRoy Orbison
29%
Waterloo SunsetThe Kinks
27.6%
Blue Suede ShoesCarl Perkins
23.9%
A Change Is Gonna ComeSam Cooke
23.1%
All I Have To Do Is DreamThe Everly Brothers
23%
Green OnionsBooker T. And The MGs
20.3%
Whipping PostThe Allman Brothers Band
19.9%
Reach Out, I'll Be ThereThe Four Tops
19.4%
I'm So Lonesome I Could CryHank Williams
18.9%
Bring The NoisePublic Enemy
17.3%
(What's So Funny 'Bout) Peace, Love And UnderstandingElvis Costello And The Attractions
16.9%
Both Sides NowJoni Mitchell
16.9%
Will You Love Me TomorrowThe Shirelles
14.6%
I'm Waiting For The ManThe Velvet Underground
14.1%
I Wanna Be Your DogThe Stooges
14%
Up On The RoofThe Drifters
13.5%
(Your Love Keeps Lifting Me) Higher And HigherJackie Wilson
12.8%
Hoochie Coochie ManMuddy Waters
10.7%
Flash LightParliament
8.5%
Dancing BarefootPatti Smith
5.4%
SpoonfulHowlin' Wolf
4.1%

You're not logged in!

Compare scores with friends on all Sporcle quizzes.
OR
Log In

You Might Also Like...

Show Comments

Extras

Top Quizzes Today


Score Distribution

Your Account Isn't Verified!

In order to create a playlist on Sporcle, you need to verify the email address you used during registration. Go to your Sporcle Settings to finish the process.

Report this User

Report this user for behavior that violates our Community Guidelines.

Details: